000 00512nam a2200193Ia 4500
003 GCL
008 140319s9999 xx 000 0 ara d
040 _aGCL /
_cGCL
082 0 4 _a810.9
_bط م
100 1 _aطه حسين
245 1 0 _aالمجموعة الكامله /
_cطه حسين
300 _aمتعدد
490 _aكتاب
_v0
650 0 4 _aالادب العربى
650 0 4 _aطه حسين
650 0 4 _aابوالعلاء المعرى
650 0 4 _aعلم التربية
942 _2ddc
_cBK
999 _c42450
_d42450